00502nam a22001577a 450000500170000001000150001702000260003203500130005803700130007108200130008424500910009726000310018827000790021930000260029870000200032420140722154832.0 aENG-109928 a9789351430278c695.00 aEN-93461 bDBAD/PUB a343.540700aEconomic analysis of law :cedited by Bimal N Patel...[et al]ban Indian perspective / aGurgaonbLexis Nexisc2013 a14th Floor, Bldg No.10, Tower-B, DLF Cyber City, Phase-IIbGurgaone122002 axxi,612p. c24cm(pbk) aPatel, Bimal N.